La lucha contra los monopolios

Kaydedildi:
Detaylı Bibliyografya
Yazar: Tamames, Ramón (Yazar)
Materyal Türü: Kitap
Dil:İspanyolca
Baskı/Yayın Bilgisi: Madrid Tecnos 1961
Seri Bilgileri:Colección de Ciencias Sociales, 17
Konular:
Etiketler: Etiketle
Etiket eklenmemiş, İlk siz ekleyin!

MARC

LEADER 00000nam a2200000 a 4500
001 UCY7404
003 CL-VaPUC
008 950614e19610000SP |||||||||||||||||spa|d
082 0 4 |a 343.072  |b TAM  |2 21 
100 0 |a Tamames, Ramón  |e author  |9 337929 
245 1 3 |a La lucha contra los monopolios 
300 |a 272 p 
942 |c BK 
945 |d 19950614 00:00:00  |a aalvarez 
260 |a Madrid  |b Tecnos  |c 1961 
650 0 |a Monopolios  |9 255549 
583 |a last modification  |c 19950614 00:00:00  |k Rodrigo Vera 
490 0 |a Colección de Ciencias Sociales, 17 
999 |c 234805  |d 234803 
952 |0 0  |1 0  |4 0  |6 343_072000000000000_TAM_1961  |7 0  |8 A  |9 241520  |a BIBDER  |b BIBDER  |d 2019-11-18  |i 2007819  |o 343.072 TAM 1961  |p 2007819  |r 2023-01-25  |w 2019-11-18  |y BK  |k DER